000 00735nam a2200217 a 4500
001 000030173
005 20200930060114.0
008 110503s2009 dr a 001 f spa d
020 _a9789945460391
040 _aDO-SdBNP
_bspa
_cBNPHU
082 _aRD863.5
_bC352h
100 1 _aCastillo Villalón, Lady Diana,
_d1981-
_949240
245 1 3 _aLa hija del rey /
_cLady Diana Castillo Villalón.
260 _aSanto Domingo :
_bSantuario,
_c2009.
300 _a112 p. :
_bil. ;
_c22 cm.
500 _aIncluye datos biográficos de la autora en las solapas de la cubierta.
650 4 _aNovela infantil dominicana
_933379
650 4 _aLiteratura infantil dominicana
_9441
910 _aValidado. Control de calidad EMS
049 _aBNPD
999 _c29665
_d29665